| 000 | 01497cam a22003494i 4500 | ||
|---|---|---|---|
| 001 | 20047947 | ||
| 003 | OSt | ||
| 005 | 20240221104333.0 | ||
| 008 | 171005s2017 nyua 001 0 eng | ||
| 010 | _a 2017047723 | ||
| 020 | _a9780571324408 (hardcover) | ||
| 040 |
_aDLC _beng _cDLC _erda _dDLC |
||
| 042 | _apcc | ||
| 043 | _ae------ | ||
| 050 | 0 | 0 |
_aGN575 _b.L256 2017 |
| 082 | 0 | 0 |
_a306.46094 _223 _bLAN |
| 100 | 1 |
_aLanglands, Alex, _eauthor. _9120997 |
|
| 245 | 1 | 0 |
_aCraeft : _ban inquiry into the origins and true meaning of traditional crafts / _cAlexander Langlands. |
| 246 | 3 | _aCraft | |
| 260 |
_aLondon: _bFaber & Faber; _c2017. |
||
| 300 |
_a344 pages : _billustrations ; _c24 cm |
||
| 500 | _aIncludes index. | ||
| 505 | 0 | _aDefining cræft -- Making hay -- Sticks and stones -- Grenja'arsta'ur -- The skep-making beekeeper -- Taming the wilds -- Weft and warp -- Under thatch -- The shoe and the harness -- Seed and sward -- The oxna mere -- Fire and earth -- The craft of digging -- Baskets and boats. | |
| 650 | 0 |
_aMaterial culture _zEurope _xHistory. _9120998 |
|
| 650 | 0 |
_aArtisans _zEurope _xHistory. _9120999 |
|
| 650 | 0 |
_aHandicraft industries _zEurope _xHistory. _9121000 |
|
| 650 | 0 |
_aAntiquities, Prehistoric _zEurope. _9121001 |
|
| 906 |
_a7 _bcbc _corignew _d1 _eecip _f20 _gy-gencatlg |
||
| 942 |
_2ddc _cBK _aSADA _k306.46094 LAN 2017 |
||
| 999 |
_c607967 _d607967 |
||